000 00284nam a22001337a 4500
008 170609b xxu||||| |||| 00| 0 eng d
020 _a9780671542948
041 _aeng
080 _a328
100 _a19
101 _aSHP
245 _aPRESIDENT REAGAN
_cCANNON,L
942 _2udc
_cBK
999 _c16696
_d16696